00776nam a22002177a 4500010001100000035001100011037001800022040001200040082001300052245004500065260005100110270004500161300002000206490003600226650004800262650004000310650004900350942002200399999001900421952011800440 a040301 a040301 bCen Lib / Ret aDPLbEN a913bEVE aAtlas of ancient & classical geography / aLondonbJ.M. Dent; New York, E.P. Duttonc1952 aJ.M. Dent; New York, E.P. DuttonbLondon a256p c24cm(Hb) aEveryman's library,v no. 451.  aGeography, Ancient -- Dictionaries.9142145 aGeography, Ancient -- Maps.9142146 aClassical geography -- Dictionaries.9142147 2ddccENh913mEVE c136328d136328 00104070aLbLd2016-03-23eCen Lib/Retl1o913 EVEp040301r2023-07-17 00:00:00s2023-06-30t1w2016-03-23yEN